Представление документа в формате RUSMARC

ПолеНазваниеЗначение
  Тип записи a
  Библиографический уровень a
001 Контрольный номер RU/CBS_Ul/BASE/518889935
005 Дата корректировки 20241105161953.5
100 Данные общей обработки __
a Данные общей обработки 20160610d2016 ||| 0rusy0189 ca
101 Язык документа 0_
a Язык текста rus
102 Страна публикации __
a Страна публикации RU
105 Кодированные данные (монография) __
a Кодированные данные (монография) y###||||000|y
200 Заглавие и сведения об ответственности 1_
a Заглавие "Чтение - это право, а не обязанность"
b Общее обозначение материала Текст
e Сведения, относящиеся к заглавию [писатель, публицист, литературовед А. Архангельский рассказывает о своей новой книге "Правило муравчика" - не люди и о литературе в целом]
f Первые сведения об ответственности А. Архангельский
300 Общие примечания __
a Общие примечания Ограничения по возрасту - 16+
300 Общие примечания __
a Общие примечания Настоящий материал (информация) произведён, распространён и (или) направлен иностранным агентом Архангельским Александром Николаевичем либо касается деятельности иностранного агента Архангельского Александра Николаевича
461 Уровень набора _0
1 2000
a Универсистетская книга
463 Уровень физической единицы _0
1 001RU/CBS_Ul/BASE/518882035
1 2000
a № 3 (апрель)
v С. 78--79
1 210
d 2016
606 Тематические рубрики 0_
a Основная рубрика Литературоведение - Россия - 21 в.
610 Ключевые слова 0_
a Ключевые слова российское литературоведение
610 Ключевые слова 0_
a Ключевые слова современные авторы
610 Ключевые слова 0_
a Ключевые слова современные публицисты
610 Ключевые слова 0_
a Ключевые слова российские писатели
610 Ключевые слова 0_
a Ключевые слова телеведущие
610 Ключевые слова 0_
a Ключевые слова литературоведы
686 Индексы других классификаций __
a Классификационный индекс 83.3(2Рос=Рус)6
2 Код системы ББК
700 Автор _1
a Фамилия Архангельский
b Имя (инициалы) А.
801 Источник записи _0
a Страна RU
b Организация МБУК ЦБС г. Ульяновска
c Дата составления 20160610
g Правила каталогизации RCR
801 Источник записи _1
a Страна RU
b Организация МБУК ЦБС г. Ульяновска
c Дата составления 20160610
g Правила каталогизации RCR
901 Тип документа __
t Тип документа b
w Контрольный № источника RU/CBS_Ul/BASE/518882035
910 Корректоры записи __
a Корректор записи Ильина
938 Служебная информация __
a Имя БД period